LEADER 01155nam0-22003851i-450- 001 990000152510403321 005 20080124135743.0 010 $a88-324-9668-2 035 $a000015251 035 $aFED01000015251 035 $a(Aleph)000015251FED01 035 $a000015251 100 $a20020821d1997----km-u0itay50------ba 101 0 $aita 102 $aIT 105 $ay-------001yy 200 1 $a<>appalti pubblici di forniture$eanalisi della disciplina italiana e comunitaria con un'ampia rassegna normativa e giurisprudenziale$fM.L. Celoria ... [et al.] 205 $a3. ed. 210 $aMilano$cIl sole-24 ore Pirola$d1997 215 $aIX, 321 p.$d24 cm 225 1 $aAppalti 300 $aSegue: Appendice legislativa. 610 0 $aContratto di fornitura 676 $a351.71$v21$zita 702 1$aCeloria,$bMaria Luisa 801 0$aIT$bUNINA$gRICA$2UNIMARC 901 $aBK 912 $a990000152510403321 952 $aVI D 984$bs.i.$fDDA 952 $a13 F 53 42$b11111$fFINBC 952 $aVI D 938$b4880$fDDA 959 $aFINBC 959 $aDDA 996 $aAppalti pubblici di forniture$9120201 997 $aUNINA LEADER 01647nam--2200445---450- 001 990003172860203316 005 20100930121914.0 010 $a978-88-217-3097-9 035 $a000317286 035 $aUSA01000317286 035 $a(ALEPH)000317286USA01 035 $a000317286 100 $a20081111d2009----km-y0itay50------ba 101 $aita 102 $aIT 105 $a||||||||001yy 200 1 $aFormulario del procedimento davanti al giudice di pace$enorme civili e penali$ecodice annotato per giudici di pace, avvocati, pubblici ministeri e polizia giudiziaria$fMaurizio Stanziola, Antonio Pagliano, Antonella Raganati 210 $a[Milanofiori, Assago]$cIpsoa$d2009 215 $aXIV, 293 p.$d24 cm$e1 cd-rom 225 2 $aDiritto in pratica$v6 410 0$1001$aDiritto in pratica$v, 6 606 0 $aGiudici di pace$xGiurisdizione civile [e] Giurisdizione penale$2BNCF 676 $a347.4507 700 1$aSTANZIOLA,$bMaurizio$0602732 701 1$aPAGLIANO,$bAntonio$0602733 701 1$aRAGANATI,$bAntonella$0602734 801 0$aIT$bsalbc$gISBD 912 $a990003172860203316 951 $aXXVII.1.B. 357$b65413 G.$cXXVII.1.B.$d00282749 959 $aBK 969 $aGIU 979 $aCHIARA$b90$c20081111$lUSA01$h1409 979 $aCHIARA$b90$c20081111$lUSA01$h1410 979 $aCHIARA$b90$c20090218$lUSA01$h1204 979 $aCHIARA$b90$c20100930$lUSA01$h1154 979 $aCHIARA$b90$c20100930$lUSA01$h1156 979 $aCHIARA$b90$c20100930$lUSA01$h1208 979 $aCHIARA$b90$c20100930$lUSA01$h1219 996 $aFormulario del procedimento davanti al giudice di pace$91014907 997 $aUNISA